| 000 | 01010nam a2200253 i 4500 | ||
|---|---|---|---|
| 001 | bg | ||
| 245 | 0 | 0 |
_aBezpieczeństwo oraz Degradacja Maszyn : _bI-sze Konwersatorium BDM, Wrocław - Szklarska Poręba 1995 / _c[red. i sekretarz nauk. Franciszek W. Przystupa]. |
| 260 |
_aWrocław : _bInstytut Konstrukcji i Eksploatacji Maszyn Politechniki Wrocławskiej, _c[1995] _e(Wroc.). |
||
| 300 |
_a[2], 165 s. : _bfot., rys., wykr. ; _c24 cm. |
||
| 500 | _aNazwa wydawcy w cop. | ||
| 504 | _aBibliogr., summ. przy ref., oraz s. 156-165. | ||
| 650 | 9 |
_aMaszyny _xobsługa i eksploatacja _xbezpieczeństwo |
|
| 650 | 9 | _aNiezawodność urządzeń | |
| 650 | 9 |
_aWęgiel brunatny _xgórnictwo _xnarzędzia i maszyny _xeksploatacja |
|
| 655 | _aMateriały konferencyjne | ||
| 700 | 1 |
_aPRZYSTUPA, Franciszek W. _eRed. |
|
| 020 | _a8390169169 | ||
| 040 | _cBPK | ||
| 041 | 0 |
_apol _beng |
|
| 080 | _a62-1/-8.004:622.332](061.3) | ||
| 920 | _a83-901691-6-9 | ||
| 942 | _cKS | ||
| 008 | s pl f |000 0 pol | ||
| 999 |
_c30773 _d30773 |
||
| 856 |
_uhttp://koha.tu.koszalin.pl/cgi-bin/koha/opac-detail.pl?biblionumber=30773 _yKatalog online BPK |
||